000 00330nam a2200145Ia 4500
008 230718s9999 xx 000 0 und d
041 _aEng.
082 _a347.34
_bKEY-S
100 _aKey law
245 0 _aSpecific Relief 1877
260 _aPakistan
_bKey Low Publisher
_c2010
300 _a245
650 _aLaw
999 _c26700
_d26700